000 01432nam a22002297a 4500
999 _c60364
_d60364
003 Ge_BSU
005 20230705154517.0
008 230705s2015ge xxu||||| |||| 00| 0 geo d
020 _a9789941078804
041 _ageo
080 _a27-772(479.222) გ-22
100 _aგაფრინდაშვილი, ბესიკ, ავტორი.
_919168
245 _aრაჭა-იმერეთის საეპისკოპოსოები :
_b(გელათი, ხონი, ნიკორწმინდა) : 1529-1820 წწ. /
_cბესიკ გაფრინდაშვილი ; მთავარი რედაქტორი როინ მეტრეველი ; ყდის დიზაინერი გიორგი ხუციშვილი.
264 _aთბილისი,
_c2015.
300 _a272 გვ.,
_b[6 ჩართ. ფ.] ;
_c20 სმ.
504 _aბიბლიოგრ.: გვ. 264-272.
653 _aდასავლეთ საქართველოს საეპისკოპოსოები.
653 _aსაქართველოს ეკლესიის ისტორია.
700 _aმეტრეველი, როინ
_dმთავარი რედაქტორი
_919169
700 _aხუციშვილი, გიორგი
_eყდის დიზაინერი
_919170
942 _2udc
_cBK